Minecraft: Plants by Picture - Statistics

General Stats
  • This quiz has been taken 109 times
    48 since last reset
  • The average score is 51 of 77
Answer Stats
Picture Answer % Correct
Acacia Sapling
93%
Birch Sapling
93%
Bamboo
90%
Cactus
88%
Carrot
88%
Cherry Sapling
88%
Cocoa Beans
88%
Beetroot
85%
Brown Mushroom
85%
Dark Oak Sapling
85%
Oak Sapling
85%
Pumpkin
85%
Sugar Cane
85%
Grass
83%
Jack O'Lantern
83%
Moss
83%
Red Mushroom
83%
Sponge
83%
Sweet Berries
83%
Dead Bush
80%
Glow Berries
80%
Jungle Sapling
80%
Lily Pad
80%
Rose Bush
80%
Sea Pickle
80%
Vines
80%
Potato
78%
Spruce Sapling
78%
Sunflower
78%
Dandelion
76%
Melon
76%
Kelp
73%
Seagrass
73%
Azalea
71%
Chorus Flower
71%
Fern
71%
Poppy
71%
Tulip
71%
Wheat
71%
Lily of the Valley
68%
Mangrove Roots
68%
Dripleaf
66%
Oxeye Daisy
63%
Sculk Sensor
63%
Wither Rose
63%
Allium
61%
Cornflower
61%
Hanging Roots
61%
Sculk
61%
Brain Coral
59%
Lilac
59%
Glow Lichen
56%
Peony
56%
Sculk Catalyst
56%
Sculk Shrieker
56%
Torchflower
56%
Fire Coral
54%
Tube Coral
54%
Warped Fungus
54%
Blue Orchid
51%
Crimson Fungus
51%
Pale Moss
51%
Pitcher Plant
51%
Leaf Litter
49%
Firefly Bush
46%
Mangrove Propagule
46%
Pink Petals
44%
Bubble Coral
41%
Bush
41%
Spore Blossom
41%
Dry Grass
39%
Horn Coral
37%
Azure Bluet
34%
Eyeblossom
34%
Sculk Vein
34%
Wildflowers
24%
Pale Hanging Moss
20%
No matching quizzes found
Score Distribution
Percent of People with Each Score
Percentile by Number Answered
Your Score History
You have not taken this quiz since the last reset